| 000 | 00645nam a2200169 a 4500 | ||
|---|---|---|---|
| 001 | 1155 | ||
| 003 | CDMR | ||
| 005 | 20130320094017.0 | ||
| 008 | 130130s1999||||||||||||||||||||||||||||d | ||
| 020 | _a8489727643 | ||
| 040 |
_aCDMR _bcat _cCPC LLEIDA |
||
| 245 | 0 | 4 |
_aEls reptes per a les empreses davant del tercer mil·lenni _cManuel Ruíz i González (ed.) ; Antoni Brufau i Niubó ... [et al.] _b: la resposta als reptes d'interconnexió, globalització, canvi tecnològic, moneda única i territori |
| 260 |
_aLleida _c1999 _bUniversitat de Lleida |
||
| 490 | 0 | _aEconomia i empresa | |
| 700 | 1 |
_9529 _aRuiz González, Manuel _eed. |
|
| 942 |
_cMON _2udc |
||
| 999 |
_c1155 _d1155 |
||